=LDR 00000nam 2200000 4500 =001 INLIS000000000038740 =005 20130612144413 =008 ***********************************Ind** =035 ##$$a0010-061300000038740 =041 ##$$a Ind =082 ##$$a 642.4 =090 ##$$a 642.4, Erd m =100 ##$$a Erdosh, George =245 ##$$a Memulai dan menjalankan bisnis jasa boga, George Erdosh; Alih Bahasa, Destoni Andriyani =260 ##$$a 2005 $b Jakarta =300 ##$$a 227 hlm, 28 cm =650 ##$$a Jasa Boga =700 ##$$a Andriyani, Destoni =850 ##$$a NBPNMAT =990 ##$$a 0001/BPAP-NTB/20142014 =990 ##$$a 0001/BPAP-NTB/20142014